| 000 | 00624nam a22001697a 4500 | ||
|---|---|---|---|
| 003 | BD-DhUL | ||
| 005 | 20180422143924.0 | ||
| 008 | 180422s1964 pk ||||| |||| 00| 0 urd d | ||
| 040 |
_aBD-DhUL _cBD-DhUL |
||
| 082 |
_a520 _bNIF |
||
| 100 | 0 | _aنیاز فتحپوری | |
| 245 | 1 |
_aفراست الید : ھاۃ اداسکی لکیروںکود یکھکراناکاءی سیرت اورات ماضی د مستقبل یر حکم لگانے کافن / _cنیاز فتحپوری |
|
| 260 |
_aکراچی : _bدارۃ ادب عالیہ، _c۱۹۶۵۔ |
||
| 300 |
_aص۔ ؛ _b۲۰ سم۔ |
||
| 650 | 0 | _aAstronomy | |
| 942 |
_2ddc _cBK |
||
| 999 |
_c240669 _d240669 |
||